[Event "Titled Tuesday intern op 4th Aug 2pm"]
[Site "Chess.com INT"]
[Date "2020.08.04"]
[Round "9"]
[White "Romanchuk, Viktor"]
[Black "Brown, Equitable"]
[Result "1-0"]
[WhiteElo "2258"]
[BlackElo "2057"]
[PlyCount "41"]
[EventDate "2020.08.04"]
[EventType "swiss (blitz)"]
[EventRounds "10"]
[EventCountry "USA"]
[SourceTitle "CBM 197 Extra"]
[Source "ChessBase"]
[SourceDate "2020.09.30"]
[SourceVersion "1"]
[SourceVersionDate "2020.09.30"]
[SourceQuality "1"]

1. d4 Nf6 2. c4 g6 3. Nc3 Bg7 4. Nf3 0-0 5. g3 d6 6. Bg2 Nbd7 7. 0-0 c6 8. e4 Qc7 9. h3 e5 10. Be3 a5 11. Qc2 exd4 12. Nxd4 Re8 13. Rad1 Nc5 14. Ndb5 cxb5 15. Nxb5 Qe7 16. Nxd6 Ncxe4 17. Nxe8 Qxe8 18. Rfe1 Bf5 19. g4 Nc3 20. Qxc3 Nxg4 21. Bd4 1-0

[Event "Online Olym Div4 E"]
[Site "Chess.com INT"]
[Date "2020.08.01"]
[Round "6.4"]
[White "Brown, Equitable"]
[Black "Khan, Taffin"]
[Result "1-0"]
[WhiteElo "2057"]
[BlackElo "1999"]
[PlyCount "73"]
[EventDate "2020.07.31"]
[EventType "team-tourn (rapid)"]
[EventRounds "9"]
[EventCountry "USA"]
[SourceTitle "CBM 198"]
[Source "ChessBase"]
[SourceDate "2020.10.31"]
[SourceVersion "1"]
[SourceVersionDate "2020.10.31"]
[SourceQuality "1"]
[WhiteTeam "Jamaica"]
[BlackTeam "Guyana"]
[WhiteTeamCountry "JAM"]
[BlackTeamCountry "GUY"]

1. d4 d5 2. c4 e6 3. Nc3 f5 4. Nf3 Nf6 5. g3 c6 6. Bg2 Bd6 7. c5 Bc7 8. Bf4 0-0 9. 0-0 h6 10. b4 Ne4 11. Qc2 Nd7 12. Bxc7 Qxc7 13. a4 e5 14. dxe5 Nxe5 15. Nd4 Ng4 16. e3 Ngf6 17. Nce2 Ng4 18. Rac1 Qe5 19. Nf4 Nexf2 20. Rxf2 Qxe3 21. Qd2 Qxf2+ 22. Qxf2 Nxf2 23. Kxf2 g5 24. Nd3 Bd7 25. Ne5 Be8 26. b5 Rc8 27. Bf1 Kg7 28. bxc6 bxc6 29. Ba6 Rb8 30. Ne6+ Kg8 31. Nxf8 Kxf8 32. Re1 Rb4 33. Ra1 Rb2+ 34. Kg1 Ke7 35. Bc8 Kf6 36. Re1 Rb8 37. Bd7 1-0

[Event "JAM-ch"]
[Site "Kingston"]
[Date "2009.07.18"]
[Round "10"]
[White "Myers, Peter"]
[Black "Brown, Equitable"]
[Result "0-1"]
[WhiteElo "2056"]
[BlackElo "2161"]
[PlyCount "74"]
[EventDate "2009.07.03"]
[EventType "tourn"]
[EventRounds "11"]
[EventCountry "JAM"]
[SourceTitle "EXT 2023"]
[Source "ChessBase"]
[SourceDate "2022.10.05"]
[SourceVersion "1"]
[SourceVersionDate "2022.10.05"]
[SourceQuality "1"]

1. e4 e5 2. g3 Nf6 3. Bg2 Nc6 4. Ne2 Bc5 5. 0-0 0-0 6. c3 Bb6 7. d4 d6 8. Na3 exd4 9. cxd4 Re8 10. f3 d5 11. Bg5 dxe4 12. fxe4 Nxd4 13. Be3 Nxe2+ 14. Qxe2 Bxe3+ 15. Qxe3 Ng4 16. Qf4 Ne5 17. Rad1 Qe7 18. Rd5 Ng6 19. Qf2 Be6 20. Rc5 b6 21. Rc3 c5 22. Nc2 Rad8 23. Ne3 Rd4 24. Nf5 Bxf5 25. exf5 Ne5 26. f6 gxf6 27. Qf5 Qe6 28. Qh5 Qg4 29. Qh6 Qg6 30. Qe3 Red8 31. Be4 Qxe4 32. Qxe4 Rxe4 33. Rxf6 Rd1+ 34. Kg2 Re2+ 35. Kh3 Rxh2+ 36. Kxh2 Ng4+ 37. Kh3 Nxf6 0-1

[Event "JAM-ch"]
[Site "Kingston"]
[Date "2009.07.12"]
[Round "7"]
[White "Brown, Equitable"]
[Black "Ramsay, Zachary"]
[Result "1/2-1/2"]
[WhiteElo "2161"]
[BlackElo "1952"]
[PlyCount "37"]
[EventDate "2009.07.03"]
[EventType "tourn"]
[EventRounds "11"]
[EventCountry "JAM"]
[SourceTitle "EXT 2023"]
[Source "ChessBase"]
[SourceDate "2022.10.05"]
[SourceVersion "1"]
[SourceVersionDate "2022.10.05"]
[SourceQuality "1"]

1. d4 Nf6 2. c4 e6 3. g3 d5 4. Bg2 Be7 5. Nf3 0-0 6. 0-0 Nbd7 7. Nbd2 b6 8. b3 Bb7 9. Bb2 Rc8 10. Ne5 c5 11. cxd5 exd5 12. Bh3 Bd6 13. Ndf3 Rc7 14. Qd3 Qe7 15. Rac1 Re8 16. Rfd1 Nf8 17. dxc5 bxc5 18. e3 Ne4 19. Bf5 1/2-1/2